Pathophysiology: concepts of altered health states. (6th ed.) (Record no. 32316)

MARC details
000 -LEADER
fixed length control field 00830nam a2200217 a 4500
008 - FIXED-LENGTH DATA ELEMENTS--GENERAL INFORMATION
fixed length control field 110914s2002 ||||||||||||||||| || u
020 ## - INTERNATIONAL STANDARD BOOK NUMBER
International Standard Book Number 0781728819
050 ## - LIBRARY OF CONGRESS CALL NUMBER
Classification number RB 113 Por
100 ## - MAIN ENTRY--PERSONAL NAME
Personal name Porth, Carol Mattson
245 10 - TITLE STATEMENT
Title Pathophysiology: concepts of altered health states. (6th ed.)
250 ## - EDITION STATEMENT
Edition statement 6th ed.
260 ## - PUBLICATION, DISTRIBUTION, ETC.
Place of publication, distribution, etc. Philadelphia:
Name of publisher, distributor, etc. Lippincott Williams and Wilkins
Date of publication, distribution, etc. 2002
300 ## - PHYSICAL DESCRIPTION
Extent xxvi, 1525p.: ill.
350 ## -
-- 0.00
650 #0 - SUBJECT ADDED ENTRY--TOPICAL TERM
Topical term or geographic name entry element PHYSIOLOGY, PATHOLOGICAL
650 ## - SUBJECT ADDED ENTRY--TOPICAL TERM
Topical term or geographic name entry element PHYSIOLOGY--NURSES' INSTRUCTION
650 ## - SUBJECT ADDED ENTRY--TOPICAL TERM
Topical term or geographic name entry element DISEASE--NURSES' INSTRUCTION
650 ## - SUBJECT ADDED ENTRY--TOPICAL TERM
Topical term or geographic name entry element NURSING--HANDBOOKS, MANUALS, ETC
650 ## - SUBJECT ADDED ENTRY--TOPICAL TERM
Topical term or geographic name entry element PHYSIOLOGY
995 ## -
-- MEDICAL LIBRARY OPEN ACCESS
-- 0.00
-- 900702
-- CBU-SCHOOL OF MEDICINE LIBRARY (Ndola)
-- 1
-- 0.00
-- RB 113 Por
-- 1
-- AVAILABLE
-- Dec 6, 2011
-- 900702
-- Medical Library Open Access Collection
999 ## -
-- 32316
-- 32316
Holdings
Withdrawn status Lost status Source of classification or shelving scheme Damaged status Not for loan Permanent Location Current Location Shelving location Date acquired Total Checkouts Full call number Barcode Date last seen Price effective from Koha item type
          CBU-SCHOOL OF MEDICINE LIBRARY, NDOLA. CBU-SCHOOL OF MEDICINE LIBRARY, NDOLA.   11/30/2022   RB 113 Por 900702 11/30/2022 11/30/2022 MONOGRAPH